Most mountainous countries in Europe - Statistics

General Stats
  • This quiz has been taken 6,340 times
    2,768 since last reset
  • The average score is 13 of 15
Answer Stats
% of territory covered by mountains Answer % Correct
80-90% Switzerland
99%
60-80% Austria
97%
100% Andorra
96%
80-90% Liechtenstein
95%
60-80% Slovenia
91%
50-60% Greece
88%
80-90% Montenegro
87%
50-60% Norway
86%
50-60% Slovakia
86%
60-80% Albania
85%
80-90% San Marino
85%
60-80% Bosnia & Herzegovina
84%
80-90% Kosovo
84%
80-90% North Macedonia
84%
50-60% Bulgaria
82%
No matching quizzes found
Score Distribution
Percent of People with Each Score
Percentile by Number Answered
Your Score History
You have not taken this quiz since the last reset